[Event "ASKO Høstturnering 2009"]
[Site "Oslo"]
[Date "2009.11.13"]
[Round "6"]
[White "Johansen, Pål H."]
[Black "Olsen, Andrei"]
[Result "1/2-1/2"]
[WhiteElo "1592"]
[BlackElo "1627"]
[PlyCount "85"]
[EventDate "2009.??.??"]

1. Nf3 Nf6 2. g3 e6 3. Bg2 d5 4. O-O Be7 5. d3 Nbd7 6. Nbd2 O-O 7. e4 dxe4 8.
dxe4 c6 9. e5 Nd5 10. Ne4 Qc7 11. c4 N5b6 12. Qd4 Rd8 13. Bf4 Nf8 14. Qc3 Ng6
15. b4 Bd7 16. a4 Be8 17. Bc1 Nd7 18. Bb2 a5 19. b5 Bb4 20. Qe3 b6 21. Rfd1
Rab8 22. Nd6 Bc5 23. Qe2 Ndf8 24. Nxe8 Rxd1+ 25. Rxd1 Rxe8 26. Ng5 cxb5 27.
cxb5 Rd8 28. Rxd8 Qxd8 29. Ne4 Nd7 30. Qd1 Qc7 31. Nxc5 Nxc5 32. Qd6 Qxd6 33.
exd6 Nf8 34. Bc6 Nfd7 35. Bd4 Kf8 36. Kf1 e5 37. Be3 f6 38. f4 exf4 39. gxf4 f5
40. Bd4 g6 41. Ke2 Kf7 42. Bd5+ Kf8 43. Bc6 1/2-1/2

[Event "ASKO Høstturnering 2009"]
[Site "Oslo"]
[Date "2009.11.10"]
[Round "6"]
[White "Lade, Arnstein S."]
[Black "Syversrud, Jørn Christian"]
[Result "1/2-1/2"]
[WhiteElo "1566"]
[BlackElo "1250"]
[PlyCount "78"]
[EventDate "2009.??.??"]

1. f4 d5 2. Nf3 Nf6 3. e3 Bf5 4. c4 c6 5. Nc3 e6 6. d4 Nbd7 7. Bd3 Bxd3 8. Qxd3
Be7 9. Bd2 c5 10. cxd5 exd5 11. O-O-O cxd4 12. exd4 Rc8 13. Kb1 O-O 14. Ne5 Nb6
15. g4 Nc4 16. Rdg1 Bb4 17. Be1 Bxc3 18. Bxc3 Ne4 19. Bb4 Re8 20. Rg2 a5 21.
Be1 Re6 22. b3 Nxe5 23. fxe5 Rec6 24. Bd2 Qe7 25. Bf4 Qa3 26. Rb2 Nc3+ 27. Ka1
Ne4 28. Bd2 b6 29. Bf4 R6c7 30. Rhb1 Rc3 31. Qb5 R8c6 32. Bd2 Nxd2 33. Rxd2 g6
34. Qxd5 Rc2 35. Rxc2 Rxc2 36. Qd8+ Kg7 37. Qf6+ Kg8 38. Qd8+ Kg7 39. Qf6+ Kg8
1/2-1/2

[Event "ASKO Høstturnering 2009"]
[Site "Oslo"]
[Date "2009.11.26"]
[Round "6"]
[White "Liabøtrø, Ola"]
[Black "Ali, Karim"]
[Result "1-0"]
[WhiteElo "1352"]
[BlackElo "1633"]
[PlyCount "76"]
[EventDate "2009.??.??"]

1. e4 Nf6 2. e5 Nd5 3. d4 d6 4. Nf3 dxe5 5. Nxe5 c6 6. c4 Nc7 7. Nc3 Nd7 8. Be3
Nxe5 9. dxe5 Qxd1+ 10. Rxd1 Bf5 11. Bd3 Bxd3 12. Rxd3 f5 13. O-O b6 14. Rfd1
Ne6 15. f4 Rd8 16. Ne2 Rxd3 17. Rxd3 h6 18. Ra3 g5 19. Rxa7 Bg7 20. g3 Kf7 21.
Rb7 Ra8 22. a3 Ra4 23. Rxb6 Rxc4 24. b3 Rc2 25. Kf2 c5 26. Ke1 Ra2 27. b4 c4
28. Ra6 Nc7 29. Ra5 g4 30. Bc1 Ke8 31. Rc5 Kd7 32. Kd1 e6 33. Rxc4 Bf8 34. Rc2
Ra1 35. Nc3 Be7 36. Rd2+ Kc6 37. Kc2 Nb5 38. Nxb5 Kxb5 1-0

[Event "ASKO Høstturnering 2009"]
[Site "Oslo"]
[Date "2009.11.10"]
[Round "6"]
[White "Olaussen, Atle Gjøran"]
[Black "Knudsen, Henning A."]
[Result "1-0"]
[WhiteElo "1333"]
[BlackElo "1245"]
[PlyCount "57"]
[EventDate "2009.??.??"]

1. d4 Nf6 2. c4 e6 3. Nf3 d5 4. Nc3 Be7 5. e3 O-O 6. Bd3 b6 7. Qc2 dxc4 8. Bxc4
c5 9. dxc5 Bxc5 10. Bd2 Ba6 11. Nb5 Bxb5 12. Bxb5 Nbd7 13. Bc3 a6 14. Be2 b5
15. Rd1 Qb6 16. b4 Be7 17. O-O Rac8 18. Qb2 Rc7 19. Rd3 Rfc8 20. Rfd1 Nb8 21.
Kf1 h6 22. Bd4 Rc2 23. Qxc2 Rxc2 24. Bxb6 Nd5 25. Bc5 Bxc5 26. bxc5 Rxc5 27. e4
Nc3 28. Rc1 b4 29. Rd8+ 1-0

[Event "ASKO Høstturnering 2009"]
[Site "Oslo"]
[Date "2009.11.10"]
[Round "6"]
[White "Skrondal, Inge Sandstad"]
[Black "Briseid, Håkon"]
[Result "1-0"]
[WhiteElo "2220"]
[BlackElo "1987"]
[PlyCount "61"]
[EventDate "2009.??.??"]

1. Nf3 b6 2. g3 c5 3. c4 Bb7 4. Bg2 Nf6 5. Nc3 e6 6. O-O a6 7. Re1 Qc7 8. e4 d6
9. d4 cxd4 10. Nxd4 Nbd7 11. Be3 Be7 12. Rc1 O-O 13. f4 Rfe8 14. g4 Nc5 15. Bf2
g6 16. b4 Rad8 17. f5 Bf8 18. g5 Nh5 19. Be3 exf5 20. Nd5 Bxd5 21. cxd5 fxe4
22. Rc2 Qd7 23. bxc5 dxc5 24. Nc6 Ra8 25. Rf1 Bd6 26. Kh1 Qc7 27. Bh3 Nf4 28.
Rcf2 Nxh3 29. Rxf7 Rf8 30. Rxc7 Bxc7 31. Ne7+ 1-0

[Event "ASKO Høstturnering 2009"]
[Site "Oslo"]
[Date "2009.11.10"]
[Round "6"]
[White "Tveit, Geir"]
[Black "Valle, Lars"]
[Result "1-0"]
[WhiteElo "1472"]
[BlackElo "1487"]
[PlyCount "61"]
[EventDate "2009.??.??"]

1. d4 Nf6 2. Bf4 d6 3. e3 Nbd7 4. Nf3 c5 5. c3 g6 6. h3 Bg7 7. Be2 b6 8. Nbd2
Bb7 9. O-O Ne4 10. Nxe4 Bxe4 11. Ng5 Bb7 12. Bc4 d5 13. Be2 h6 14. Nf3 f6 15.
Bd3 Kf7 16. Qc2 Nf8 17. Bh2 g5 18. b3 Qe8 19. e4 cxd4 20. Nxd4 e6 21. exd5 Bxd5
22. Rae1 Rc8 23. Nb5 Qd7 24. Nd6+ Ke7 25. Nxc8+ Qxc8 26. Be4 Bxe4 27. Rxe4 Nd7
28. Rc4 Qa8 29. Rc7 Rd8 30. Rd1 Ke8 31. Qg6+ 1-0

[Event "ASKO Høstturnering 2009"]
[Site "Oslo"]
[Date "2009.11.10"]
[Round "6"]
[White "Øhman, Kjell Tage"]
[Black "Einarsen, Kenneth"]
[Result "0-1"]
[WhiteElo "1629"]
[BlackElo "1884"]
[PlyCount "70"]
[EventDate "2009.??.??"]

1. c4 e5 2. Nc3 Nc6 3. Nf3 f5 4. d3 d6 5. g3 Be7 6. Nd5 Nf6 7. Bg2 Nxd5 8. cxd5
Nb8 9. Qc2 O-O 10. Bd2 Bf6 11. Ba5 b6 12. Bc3 a5 13. d4 e4 14. Ng1 Bb7 15. Qb3
a4 16. Qc4 Qd7 17. Nh3 b5 18. Qb4 Bxd5 19. Nf4 Na6 20. Qa3 Bf7 21. O-O Rab8 22.
b4 axb3 23. axb3 b4 24. Qxa6 bxc3 25. Qa7 Bxb3 26. f3 Qc6 27. fxe4 fxe4 28. Ra6
Qc4 29. e3 c2 30. Raa1 Qc3 31. Rfe1 d5 32. Ne6 Ra8 33. Qxa8 Rxa8 34. Rxa8+ Kf7
35. Nd8+ Bxd8 0-1

[Event "ASKO Høstturnering 2009"]
[Site "Oslo"]
[Date "2009.11.24"]
[Round "7"]
[White "Blomkvist, Vemund"]
[Black "Flügel, Stefan"]
[Result "1-0"]
[WhiteElo "1494"]
[BlackElo "1715"]
[PlyCount "121"]
[EventDate "2009.??.??"]

1. e4 e5 2. f4 Bc5 3. Nf3 d6 4. Bc4 Nf6 5. Nc3 Nc6 6. f5 a6 7. Ng5 O-O 8. d3
Na5 9. Bb3 Nxb3 10. axb3 c6 11. Qf3 h6 12. h4 d5 13. g4 Bb4 14. Kf2 Bxc3 15.
bxc3 Qe7 16. Ba3 c5 17. Nh3 dxe4 18. dxe4 b5 19. g5 Ne8 20. Rag1 Kh8 21. Qh5
Qd6 22. Bc1 Nf6 23. gxf6 Qxf6 24. Bg5 Qg6 25. fxg6 fxg6+ 26. Ke3 gxh5 27. Be7
Rf7 28. Bd6 Bg4 29. Rf1 Rxf1 30. Rxf1 Bxh3 31. Rf3 Be6 32. Bxe5 Kg8 33. Bd6 Rc8
34. Kf4 c4 35. b4 Bg4 36. Rf2 Re8 37. e5 Kf7 38. Ke4+ Ke6 39. Bf8 Kd7 40. Bxg7
Re6 41. Kd5 Rg6 42. Rf7+ Ke8 43. Ra7 Bf3+ 44. Kd4 Re6 45. Bf6 Bd1 46. Kd5 Bg4
47. Ke4 Kf8 48. Kd5 Ke8 49. Rh7 Kf8 50. Rxh6 Kf7 51. Rh7+ Kg6 52. Rg7+ Kf5 53.
Rg5+ Kf4 54. Rxg4+ hxg4 55. Kxe6 g3 56. Bd8 Ke3 57. h5 Kd2 58. h6 g2 59. Bb6
Kxc2 60. h7 a5 61. bxa5 1-0

[Event "ASKO Høstturnering 2009"]
[Site "Oslo"]
[Date "2009.11.24"]
[Round "7"]
[White "Briseid, Håkon"]
[Black "Øhman, Kjell Tage"]
[Result "1-0"]
[WhiteElo "1987"]
[BlackElo "1631"]
[PlyCount "102"]
[EventDate "2009.??.??"]

1. d4 d5 2. c4 c6 3. Nc3 Nf6 4. Nf3 dxc4 5. a4 Bf5 6. Ne5 Nbd7 7. Nxc4 Qc7 8.
g3 e5 9. dxe5 Nxe5 10. Bf4 Nfd7 11. Bg2 g5 12. Bxe5 Nxe5 13. Qd4 Bg7 14. Nd6+
Kf8 15. Nxf5 Nf3+ 16. Bxf3 Bxd4 17. Nxd4 Rd8 18. O-O-O h5 19. Nf5 h4 20. Rxd8+
Qxd8 21. Rd1 Qc7 22. Kb1 hxg3 23. hxg3 f6 24. Rd6 Rh7 25. Ne4 Qa5 26. g4 Qxa4
27. Rxf6+ Ke8 28. Rd6 Rf7 29. Rd4 Qa5 30. Ned6+ Kf8 31. Nxf7 Qe1+ 32. Kc2 Kxf7
33. Rd7+ Kf6 34. Rxb7 Qxf2 35. Rc7 Qc5+ 36. Kd1 Qg1+ 37. Kd2 Ke5 38. Rxc6 Qa1
39. Rc5+ Kf4 40. Kc2 a5 41. b3 Qg1 42. Rc4+ Ke5 43. Re4+ Kf6 44. Ne3 Qa1 45.
Nd5+ Kf7 46. Ra4 Qe1 47. Nc3 Qg1 48. Rxa5 Qe3 49. b4 Qd4 50. b5 Kf6 51. b6 Ke7
1-0

[Event "ASKO Høstturnering 2009"]
[Site "Oslo"]
[Date "2009.11.24"]
[Round "7"]
[White "Einarsen, Kenneth"]
[Black "Hole, Øystein"]
[Result "0-1"]
[WhiteElo "1879"]
[BlackElo "2368"]
[PlyCount "86"]
[EventDate "2009.??.??"]

1. e4 c6 2. d4 d5 3. Nc3 dxe4 4. Nxe4 Bf5 5. Ng3 Bg6 6. h4 h6 7. Nf3 Nd7 8. h5
Bh7 9. Bd3 Bxd3 10. Qxd3 e6 11. Bf4 Qa5+ 12. Bd2 Bb4 13. c3 Be7 14. c4 Qc7 15.
Ne4 Ngf6 16. g3 Nxe4 17. Qxe4 Nf6 18. Qe2 c5 19. Bc3 cxd4 20. Nxd4 Rc8 21. b3
a6 22. Rc1 O-O 23. Kf1 Rfd8 24. Kg2 Qc5 25. Qf3 b6 26. Nc2 a5 27. Rce1 Rd7 28.
Re5 Qc7 29. Rb5 Qd8 30. Bd4 Rxd4 31. Nxd4 Qxd4 32. Rd1 Qb2 33. Qb7 Rd8 34.
Rxd8+ Bxd8 35. Qc8 Qd4 36. c5 Ne4 37. Kh3 Nxf2+ 38. Kh2 Ne4 39. Kh3 Ng5+ 40.
Kg2 Qd2+ 41. Kf1 Ne4 42. Kg1 Qf2+ 43. Kh1 Nxg3# 0-1

[Event "ASKO Høstturnering 2009"]
[Site "Oslo"]
[Date "2009.12.15"]
[Round "7"]
[White "Erikstad, Olav"]
[Black "Skrondal, Inge Sandstad"]
[Result "0-1"]
[WhiteElo "1646"]
[BlackElo "2220"]
[PlyCount "50"]
[EventDate "2009.??.??"]

1. e4 e5 2. Nf3 Nc6 3. Bb5 a6 4. Bxc6 dxc6 5. O-O Bg4 6. h3 h5 7. d3 Qf6 8. Be3
Bd6 9. Nbd2 Ne7 10. hxg4 hxg4 11. g3 gxf3 12. Qxf3 Qe6 13. Rfb1 g6 14. d4 O-O-O
15. dxe5 Bxe5 16. Nb3 f5 17. Bg5 Rdf8 18. Bxe7 Qxe7 19. exf5 Rxf5 20. Qg4 Qh7
21. f4 Qh2+ 22. Kf1 Qxc2 23. Qf3 Bxf4 24. Nd4 Rh1+ 25. Qxh1 Bxg3+ 0-1

[Event "ASKO Høstturnering 2009"]
[Site "Oslo"]
[Date "2009.12.01"]
[Round "7"]
[White "Lade, Arnstein S."]
[Black "Tveit, Geir"]
[Result "1-0"]
[WhiteElo "1566"]
[BlackElo "1472"]
[PlyCount "104"]
[EventDate "2009.??.??"]

1. d4 Nf6 2. Bf4 e6 3. e3 b6 4. Nf3 Bb7 5. Nbd2 c5 6. c3 Nc6 7. h3 d5 8. Bd3
Bd6 9. Ne5 Qc7 10. Ndf3 Nd7 11. Nxf7 Kxf7 12. Ng5+ Ke7 13. Qg4 Nf8 14. Nxh7 Kd8
15. Bxd6 Qxd6 16. Qxg7 Rxh7 17. Bxh7 Qe7 18. Qxe7+ Kxe7 19. Bc2 cxd4 20. exd4
e5 21. dxe5 Nxe5 22. O-O Nfd7 23. Rfe1 Kf6 24. Rad1 Rg8 25. Kh2 Nc5 26. b4 d4
27. Rg1 d3 28. bxc5 dxc2 29. Rc1 Be4 30. f3 Bd3 31. cxb6 axb6 32. f4 Nc4 33. g4
Ra8 34. Rg3 Be4 35. Rgg1 Rxa2 36. Rge1 Bd3 37. Re8 Nd2 38. Rd8 Nb3 39. Rxc2
Rxc2+ 40. Kg3 Rxc3 41. Rd6+ Kf7 42. Rxb6 Bf1+ 43. Kh4 Rxh3+ 44. Kg5 Nc5 45. f5
Be2 46. Rc6 Ne4+ 47. Kf4 Nf6 48. Rc7+ Kf8 49. g5 Nd5+ 50. Ke5 Nxc7 51. Kf6 Ne8+
52. Kg6 Bh5+ 1-0

[Event "ASKO Høstturnering 2009"]
[Site "Oslo"]
[Date "2009.11.24"]
[Round "7"]
[White "Olaussen, Atle Gjøran"]
[Black "Valle, Stian"]
[Result "0-1"]
[WhiteElo "1333"]
[BlackElo "1193"]
[PlyCount "132"]
[EventDate "2009.??.??"]

1. d4 d5 2. c4 dxc4 3. Nc3 Nf6 4. e4 e5 5. d5 Bc5 6. f3 O-O 7. Bxc4 c6 8. Bg5
Qb6 9. Nge2 Bf2+ 10. Kf1 cxd5 11. Bxd5 Bd4 12. Na4 Qa6 13. Qb3 Nxd5 14. exd5
Bd7 15. Nac3 f6 16. Bh4 Be8 17. Bf2 Bxf2 18. Kxf2 Bf7 19. Rhd1 Nc6 20. Qc2 Nb4
21. Qd2 Qd6 22. Ne4 Qb6+ 23. Qe3 Nxd5 24. Qxb6 Nxb6 25. Rdc1 Rac8 26. Nd6 Rxc1
27. Rxc1 Bd5 28. Rc7 Rd8 29. Nxb7 Rd7 30. Rxd7 Nxd7 31. Na5 Bxa2 32. Nc3 Bf7
33. Nb5 a6 34. Nc7 Nb8 35. Nb7 Kf8 36. b4 Ke7 37. Nc5 Bc4 38. Ke3 g6 39. Kd2
Kd6 40. Ne8+ Ke7 41. Nc7 Kd6 42. Na8 Bd5 43. Nb6 a5 44. Kc3 axb4+ 45. Kxb4 Nc6+
46. Kb5 Nd4+ 47. Kb4 Nc2+ 48. Kb5 Bc6+ 49. Kc4 Ne3+ 50. Kb4 Nxg2 51. Nc4+ Ke7
52. Nd2 Nh4 53. Kc4 Nxf3 54. Nxf3 Bxf3 55. Kd3 f5 56. Nb3 f4 57. Nd2 e4+ 58.
Nxe4 Bxe4+ 59. Kxe4 Kf6 60. h3 Kg5 61. Kf3 h6 62. Kg2 Kh4 63. Kh2 f3 64. Kg1
Kxh3 65. Kf2 Kg4 66. Kg1 Kg3 0-1

[Event "ASKO Høstturnering 2009"]
[Site "Oslo"]
[Date "2009.11.24"]
[Round "7"]
[White "Paulshus, Anders"]
[Black "Johansen, Pål H."]
[Result "0-1"]
[WhiteElo "1203"]
[BlackElo "1592"]
[PlyCount "72"]
[EventDate "2009.??.??"]

1. e4 c5 2. d4 cxd4 3. c3 dxc3 4. Nxc3 e6 5. Nf3 Nc6 6. Bf4 Bb4 7. Qc2 Nf6 8.
Rd1 d5 9. Bg5 Qa5 10. Bxf6 gxf6 11. exd5 exd5 12. a3 Bxc3+ 13. Qxc3 Qxc3+ 14.
bxc3 Be6 15. Bb5 O-O-O 16. Nd4 Ne5 17. f3 a6 18. Ba4 Nc4 19. Ra1 Bd7 20. Bb3
Rhe8+ 21. Kf2 Nb6 22. a4 a5 23. Rhd1 Bc6 24. Rd3 Re5 25. f4 Re4 26. g3 Rde8 27.
Ra2 Nd7 28. Nb5 Bxb5 29. axb5 Nc5 30. Rxd5 Nxb3 31. Rb2 a4 32. b6 Rc4 33. Rd6
Re6 34. Rxe6 fxe6 35. Re2 a3 36. Ra2 Ra4 0-1

[Event "ASKO Høstturnering 2009"]
[Site "Oslo"]
[Date "2009.11.24"]
[Round "7"]
[White "Syversrud, Jørn Christian"]
[Black "Olsen, Andrei"]
[Result "0-1"]
[WhiteElo "1250"]
[BlackElo "1627"]
[Annotator "Andrei"]
[PlyCount "50"]
[EventDate "2009.??.??"]

1. d4 Nf6 2. c4 g6 3. Nc3 d5 4. cxd5 Nxd5 5. e4 Nxc3 6. bxc3 Bg7 7. Nf3 O-O 8.
Bc4 c5 9. Bb2 Bg4 10. Be2 Nc6 11. dxc5 $6 (11. d5 Na5 12. Nd2 Bxe2 13. Qxe2 e6)
11... Qa5 12. O-O Qxc5 13. Rc1 Bxf3 14. Bxf3 Ne5 15. Be2 Nc4 16. Bxc4 Qxc4 17.
Qb3 Rfc8 18. Rfd1 e6 $4 (18... Qxe4 19. Re1 Qh4 20. g3 Qf6 21. Qxb7 Rab8 22.
Qd7 Qb6 23. Ba1 Rc7 24. Qa4 Rbc8 $15) 19. Rd7 $2 (19. Rd8+ $1 $18) 19... b5 20.
Qxc4 Rxc4 21. f3 Rac8 22. Rxa7 b4 23. Kf2 $4 (23. Ra4 $11) 23... bxc3 24. Ba1
Bd4+ 25. Kg3 Bxa7 0-1

[Event "ASKO Høstturnering 2009"]
[Site "Oslo"]
[Date "2009.11.24"]
[Round "7"]
[White "Søreng, Eirik"]
[Black "Liabøtrø, Ola"]
[Result "0-1"]
[WhiteElo "1622"]
[BlackElo "1352"]
[PlyCount "108"]
[EventDate "2009.??.??"]

1. e4 d5 2. exd5 Qxd5 3. Nc3 Qa5 4. d4 Nf6 5. Nf3 Bf5 6. Nd2 c6 7. Nc4 Qc7 8.
g3 e6 9. Bf4 Qd8 10. Bg2 Be7 11. Ne3 Bg6 12. h4 h6 13. h5 Bh7 14. O-O Nbd7 15.
Qe2 O-O 16. Rad1 Qb6 17. Nc4 Qa6 18. b3 Nd5 19. Bxd5 cxd5 20. Nxd5 exd5 21.
Qxe7 dxc4 22. Qxd7 Bxc2 23. Rc1 cxb3 24. axb3 Bxb3 25. Ra1 Be6 26. Qe7 Qc6 27.
f3 Bd5 28. Rac1 Rfe8 29. Qh4 Bc4 30. Rf2 Qd5 31. Bd2 Re2 32. Re1 Rae8 33. Rexe2
Rxe2 34. Qg4 Rxf2 35. Kxf2 Qe6 36. Qxe6 fxe6 37. Ke3 Kf7 38. f4 b6 39. g4 Bb3
40. g5 Bd1 41. gxh6 gxh6 42. Ke4 Bxh5 43. f5 exf5+ 44. Ke5 Bg4 45. Bxh6 Ke7 46.
Kd5 Kd7 47. Bf4 Bf3+ 48. Kc4 Kc6 49. Bb8 a5 50. Bf4 b5+ 51. Kd3 Kd5 52. Bc1 b4
53. Ke3 Be4 54. Bd2 b3 0-1

[Event "ASKO Høstturnering 2009"]
[Site "Oslo"]
[Date "2009.11.24"]
[Round "7"]
[White "Valle, Lars"]
[Black "Fredriksen, Jan Gunnar"]
[Result "1-0"]
[WhiteElo "1487"]
[BlackElo "1810"]
[PlyCount "45"]
[EventDate "2009.??.??"]

1. d4 Nf6 2. Nf3 g6 3. Nbd2 d6 4. e4 Bg7 5. b3 O-O 6. Bb2 c5 7. Bd3 cxd4 8.
Bxd4 Nc6 9. Bb2 Bg4 10. h3 Be6 11. a3 Rc8 12. c4 Ne5 13. Be2 Nxe4 14. Nxe5 Nxd2
15. Nxf7 Rxf7 16. Qxd2 Qb6 17. O-O Qxb3 18. Bxg7 Rxg7 19. Rab1 Qa4 20. Rxb7
Bxc4 21. Rb4 Qa5 22. Bxc4+ Rxc4 23. Rb8+ 1-0

[Event "ASKO Høstturnering 2009"]
[Site "Oslo"]
[Date "2009.12.15"]
[Round "8"]
[White "Breivik, Rolv"]
[Black "Blomkvist, Vemund"]
[Result "1-0"]
[WhiteElo "1571"]
[BlackElo "1484"]
[PlyCount "81"]
[EventDate "2009.??.??"]

1. d4 e5 2. e3 e4 3. c4 f5 4. Nc3 Nf6 5. Nge2 Nc6 6. Nf4 Bd6 7. Nfd5 O-O 8. c5
Be7 9. Bc4 Kh8 10. O-O d6 11. Nxe7 Nxe7 12. b4 d5 13. Be2 c6 14. a4 Ng6 15. Ra2
Ng4 16. f3 Nf6 17. f4 Ng4 18. h3 Nf6 19. Qe1 Bd7 20. Qg3 Ng8 21. Kh2 Rf6 22.
Rg1 Nh6 23. Qf2 Nf8 24. g3 Ne6 25. Kg2 g5 26. Kf1 Qe7 27. Ke1 Rg8 28. Qh2 Rfg6
29. Qf2 Qg7 30. Bh5 gxf4 31. Bxg6 fxe3 32. Qxe3 Nxd4 33. Bh5 f4 34. Qxf4 Nf3+
35. Bxf3 Qxc3+ 36. Qd2 Qxd2+ 37. Bxd2 d4 38. Bxh6 exf3 39. Kf2 Rg6 40. Bf4 Be6
41. Rd2 1-0

[Event "ASKO Høstturnering 2009"]
[Site "Oslo"]
[Date "2009.12.08"]
[Round "8"]
[White "Briseid, Håkon"]
[Black "Einarsen, Kenneth"]
[Result "1-0"]
[WhiteElo "1962"]
[BlackElo "1884"]
[PlyCount "61"]
[EventDate "2009.??.??"]

1. d4 c5 2. d5 e6 3. c4 Nf6 4. Nc3 d6 5. e4 g6 6. Bd3 Bg7 7. Nge2 Na6 8. O-O
O-O 9. f3 Nc7 10. Rb1 b5 11. cxb5 exd5 12. exd5 Ncxd5 13. Nxd5 Nxd5 14. Be4 Nb6
15. Bxa8 Nxa8 16. Ng3 Nc7 17. a4 d5 18. Be3 d4 19. Bf2 c4 20. Rc1 Qd5 21. Re1
Ne6 22. Qc2 Bb7 23. Qxc4 Qg5 24. h4 Qxh4 25. Rxe6 fxe6 26. Qxe6+ Kh8 27. Rc7
Bxf3 28. Rxg7 Bd5 29. Qxd5 Kxg7 30. Nf5+ Rxf5 31. Qd7+ 1-0

[Event "ASKO Høstturnering 2009"]
[Site "Oslo"]
[Date "2009.12.08"]
[Round "8"]
[White "Flügel, Stefan"]
[Black "Syversrud, Jørn Christian"]
[Result "1-0"]
[WhiteElo "1715"]
[BlackElo "1250"]
[PlyCount "79"]
[EventDate "2009.??.??"]

1. Nc3 c5 2. g4 Nc6 3. Bg2 d6 4. h3 e5 5. d3 Nge7 6. e4 Ng6 7. Nf3 Be7 8. Nd5
Be6 9. Nxe7 Qxe7 10. Bg5 f6 11. Be3 O-O-O 12. c3 Nf4 13. Bxf4 exf4 14. Qc2 Kb8
15. O-O-O Rc8 16. Kb1 Rhd8 17. Rhe1 Qc7 18. d4 cxd4 19. Nxd4 Nxd4 20. Rxd4 Qb6
21. Red1 Rc5 22. Bf1 d5 23. Qd2 Rcc8 24. Qxf4+ Ka8 25. Qd2 Bf7 26. exd5 Bg6+
27. Bd3 Bxd3+ 28. Qxd3 h6 29. Re1 Re8 30. Re3 Qd6 31. f4 Red8 32. Re6 Qc5 33.
Qe4 Qb5 34. c4 Qa5 35. Re7 Rc7 36. d6 Rxe7 37. dxe7 Re8 38. Rd8+ Rxd8 39. e8=Q
Qd2 40. Qe2 1-0

[Event "ASKO Høstturnering 2009"]
[Site "Oslo"]
[Date "2009.12.08"]
[Round "8"]
[White "Johansen, Pål H."]
[Black "Hole, Øystein"]
[Result "0-1"]
[WhiteElo "1581"]
[BlackElo "2377"]
[PlyCount "104"]
[EventDate "2009.??.??"]

1. Nf3 d5 2. d4 Nf6 3. Bf4 Bf5 4. e3 e6 5. c4 c6 6. Nc3 Be7 7. cxd5 exd5 8. Bd3
Bg6 9. O-O Nbd7 10. a3 O-O 11. b4 b5 12. h3 a5 13. Bxg6 hxg6 14. Qb3 Ra6 15.
Ra2 Nb6 16. Ne5 Nc4 17. Nd3 Ne4 18. Nxe4 dxe4 19. Nc5 Bxc5 20. dxc5 a4 21. Qc3
g5 22. Bg3 Qd5 23. Rc2 f5 24. f4 exf3 25. Rxf3 Raa8 26. h4 gxh4 27. Bxh4 Rae8
28. Rcf2 Re4 29. Bg5 Rg4 30. Bf4 Re8 31. Kf1 Qe4 32. Re2 g6 33. Kf2 g5 34. Bh2
f4 35. Qa1 Nxe3 36. Qa2+ Qe6 37. Qxe6+ Rxe6 38. g3 Rh6 39. Ke1 Rh3 40. Ref2 Nd5
41. gxf4 Rxf3 42. Rxf3 gxf4 43. Kf2 Rh4 44. Bg1 Kf7 45. Ke2 Ke6 46. Bf2 Rh1 47.
Be1 Kf5 48. Bd2 Ke4 49. Rf2 Ra1 50. Rf3 Ra2 51. Rd3 f3+ 52. Rxf3 Rxd2+ 0-1

[Event "ASKO Høstturnering 2009"]
[Site "Oslo"]
[Date "2009.12.08"]
[Round "8"]
[White "Knudsen, Henning A."]
[Black "Tveit, Geir"]
[Result "0-1"]
[WhiteElo "1245"]
[BlackElo "1472"]
[PlyCount "92"]
[EventDate "2009.??.??"]

1. Nf3 d5 2. d4 Nf6 3. g3 c6 4. Bg2 Nbd7 5. O-O e6 6. b3 Be7 7. c4 dxc4 8. bxc4
O-O 9. Nc3 Re8 10. Qc2 b6 11. Ng5 Bb7 12. e4 Ng4 13. Nh3 e5 14. Rd1 exd4 15.
Rxd4 Bc5 16. Rd1 Qe7 17. Qe2 Nde5 18. Kh1 Nf6 19. f4 Ng6 20. e5 Bb4 21. Ne4
Nxe4 22. Bxe4 c5 23. Bxb7 Qxb7+ 24. Qg2 Qa6 25. Qe4 Rad8 26. Bb2 Qc8 27. Ng5 h6
28. Nf3 Rxd1+ 29. Rxd1 Qa6 30. Ra1 Ba3 31. Bxa3 Qxa3 32. f5 Nf8 33. Qe2 Rd8 34.
e6 fxe6 35. fxe6 Re8 36. e7 Ng6 37. Qe6+ Kh7 38. Qf5 Qc3 39. Rf1 Qf6 40. Qd3
Qxe7 41. Nd2 Rd8 42. Qc2 Qe2 43. Rd1 Rf8 44. Qc1 Rf2 45. Nf1 Qe4+ 46. Kg1 Qg2#
0-1

[Event "ASKO Høstturnering 2009"]
[Site "Oslo"]
[Date "2009.12.08"]
[Round "8"]
[White "Liabøtrø, Ola"]
[Black "Erikstad, Olav"]
[Result "1-0"]
[WhiteElo "1367"]
[BlackElo "1665"]
[Annotator "Ola"]
[PlyCount "120"]
[EventDate "2009.??.??"]

1. e4 c6 2. d4 d5 3. Nc3 dxe4 4. Nxe4 Nd7 5. Ng5 Ngf6 6. Bd3 e6 7. N1f3 Bd6 8.
Qe2 Nb6 9. Ne5 O-O 10. Bd2 c5 11. Ng4 Nbd5 12. c4 h6 13. cxd5 hxg5 14. Bxg5
exd5 15. Bxf6 (15. Nxf6+ $1 gxf6 16. O-O $1 fxg5 17. Qh5 Re8 18. Qh7+ Kf8 19.
Qh8+ Ke7 20. Rfe1+ Be6 21. Rxe6+ $1 Kxe6 22. Re1+ Kd7 23. Bb5+ {
+-  og hvit vinner dame for tårn totalt.}) 15... Bxg4 16. Bxd8 Bxe2 17. Kxe2
Rfxd8 18. dxc5 Re8+ 19. Kf3 Bxc5 20. Rhd1 Re6 21. Rd2 Rae8 22. g3 Rf6+ 23. Kg2
Re5 24. Rc1 b6 25. a3 a5 26. b4 axb4 27. axb4 Bxb4 28. Rc8+ Bf8 29. Ra2 Rh6 30.
Raa8 g5 31. Rxf8+ Kg7 32. Rg8+ Kf6 33. Rab8 Re6 34. Rbd8 Ke7 35. Rxd5 f6 36.
Rg7+ Kf8 37. Rb7 Re5 38. Rd8+ Re8 39. Rxe8+ Kxe8 40. Rxb6 Ke7 41. Rb7+ Ke6 42.
Rh7 Rxh7 43. Bxh7 f5 44. g4 f4 45. Kf3 Ke5 46. Ke2 Kd4 47. Kd2 Ke5 48. Kd3 Kd5
49. f3 Ke5 50. Be4 Ke6 51. Kd4 Kf6 52. Bf5 Kf7 53. Ke5 Kg7 54. Be4 Kh6 55. Kf5
Kh7 56. Kxg5+ Kg7 57. h4 Kh8 58. Kf6 Kg8 59. g5 Kh8 60. g6 Kg8 1-0

[Event "ASKO Høstturnering 2009"]
[Site "Oslo"]
[Date "2009.12.08"]
[Round "8"]
[White "Olsen, Andrei"]
[Black "Skrondal, Inge Sandstad"]
[Result "0-1"]
[WhiteElo "1606"]
[BlackElo "2189"]
[PlyCount "72"]
[EventDate "2009.??.??"]

1. e4 c5 2. Nf3 g6 3. d4 Bg7 4. c3 cxd4 5. cxd4 d5 6. e5 Nc6 7. Nc3 Bg4 8. Be2
e6 9. Be3 Nge7 10. O-O Nf5 11. h3 Bxf3 12. Bxf3 Qh4 13. Ne2 Qe7 14. Qd3 Nh4 15.
Bd2 O-O 16. a3 f6 17. exf6 Qxf6 18. Bg4 h5 19. Bxh5 gxh5 20. Nf4 Nxd4 21. Nxh5
Qf5 22. Qxf5 Nhxf5 23. Nxg7 Nxg7 24. Bb4 Rfe8 25. Rad1 Nc6 26. Bc3 Rad8 27. Bf6
Rd7 28. Rd3 Rf8 29. Bg5 e5 30. Re1 Nf5 31. b4 a6 32. f4 e4 33. Rxe4 dxe4 34.
Rxd7 e3 35. g4 e2 36. Kf2 Re8 0-1

[Event "ASKO Høstturnering 2009"]
[Site "Oslo"]
[Date "2009.12.08"]
[Round "8"]
[White "Paulshus, Anders"]
[Black "Ali, Karim"]
[Result "0-1"]
[WhiteElo "1203"]
[BlackElo "1633"]
[PlyCount "40"]
[EventDate "2009.??.??"]

1. e4 Nf6 2. Nc3 e5 3. Nf3 Nc6 4. g3 d5 5. exd5 Nxd5 6. Bg2 Bg4 7. d3 Bb4 8.
Qd2 O-O 9. O-O Qd7 10. Ng5 Nd4 11. f3 Nxc3 12. Kh1 Nxa2 13. c3 Nb3 14. Qe2
Naxc1 15. Raxc1 Nxc1 16. Rxc1 Bf5 17. cxb4 Qxd3 18. Qxd3 Bxd3 19. Rxc7 Rac8 20.
Rxc8 Rxc8 0-1

[Event "ASKO Høstturnering 2009"]
[Site "Oslo"]
[Date "2009.12.08"]
[Round "8"]
[White "Søreng, Eirik"]
[Black "Hjelle, Øyvind"]
[Result "1-0"]
[WhiteElo "1620"]
[BlackElo "1422"]
[PlyCount "29"]
[EventDate "2009.??.??"]

1. e4 c5 2. Nf3 e6 3. d3 d5 4. Nbd2 Nc6 5. g3 Be7 6. Bg2 a6 7. O-O h5 8. h3 g5
9. Ne1 d4 10. f4 gxf4 11. gxf4 e5 12. Nc4 exf4 13. Bxf4 Bg5 14. Nd6+ Kf8 15.
Nxf7 1-0

[Event "ASKO Høstturnering 2009"]
[Site "Oslo"]
[Date "2009.12.08"]
[Round "8"]
[White "Valle, Stian"]
[Black "Valle, Lars"]
[Result "0-1"]
[WhiteElo "1193"]
[BlackElo "1487"]
[PlyCount "66"]
[EventDate "2009.??.??"]

1. e4 d5 2. exd5 Qxd5 3. Nc3 Qa5 4. d4 Nf6 5. Bc4 c6 6. Bd2 Qd8 7. Qe2 Bf5 8.
O-O-O e6 9. Bg5 Be7 10. Bxf6 Bxf6 11. d5 Bxc3 12. dxe6 Qg5+ 13. Kb1 fxe6 14.
bxc3 Qf6 15. Nf3 Nd7 16. Nd4 O-O-O 17. f4 h5 18. Qf3 Bg4 19. Qe4 Nc5 20. Qe3
Bxd1 21. Rxd1 Rhe8 22. Re1 b6 23. Nxc6 Rd7 24. Ne5 Rd6 25. Qf3 Kc7 26. Qxh5
Red8 27. Nf7 g6 28. Qh7 Rd1+ 29. Rxd1 Rxd1+ 30. Kb2 Na4+ 31. Ka3 Qxc3+ 32. Bb3
Qc5+ 33. Kxa4 Qa5# 0-1